000 00702nam a2200241Ia 4500
003 OSt
005 20220926020434.0
006 a|||||r|||| 00| 0
007 ta
008 220923b |||||||| |||| 00| 0 eng d
020 _a9781138629707
_c1981.74
037 _b049, 12/03/2018, KADMIEL SOLUTIONS
_cGeneral Book
040 _aRTL
_cRTL
_beng
041 _2eng
_aeng
082 _aY, Q8
100 _aTHOMPSON Neil
_9324424
245 0 _aApplied sociology
260 _aNew York
_bRoutledge
_c2018
300 _axvii,220p
_ccm.
500 _aBibliography: p 283-294
942 _hY, Q8
_cGB
_2CC
999 _c634234
_d634234